000
00357nam a2200169Ia 4500
001
1284
005
20250626024112.0
008
211022s9999 xx 000 0 und d
082
_a
779.092 MET
100
_a
Metzner, Sheila
245
0
_a
Sheila Metzner
260
_a
Altadena
260
_b
Twin Palms
260
_c
1991
300
_a
V. P.
942
_c
BK
999
_c
1091
_d
1091